UBT Library

INTERIORS and introduction (Record no. 58345)

000 -LEADER
fixed length control field 00333nam a22001457a 4500
008 - FIXED-LENGTH DATA ELEMENTS--GENERAL INFORMATION
fixed length control field 221005b ||||| |||| 00| 0 eng d
020 ## - INTERNATIONAL STANDARD BOOK NUMBER
International Standard Book Number 9780072965209
041 ## - LANGUAGE CODE
Language code of text/sound track or separate title eng
080 ## - UNIVERSAL DECIMAL CLASSIFICATION NUMBER
Edition identifier fourth edition
Universal Decimal Classification number 7
082 ## - DEWEY DECIMAL CLASSIFICATION NUMBER
Classification number 7 NIE
100 ## - Rafti
Rafti 21.1
101 ## - Shkurtesa
Shkurtesa ART
245 ## - TITLE STATEMENT
Title INTERIORS and introduction
Statement of responsibility, etc NIELSON K
942 ## - ADDED ENTRY ELEMENTS (KOHA)
Source of classification or shelving scheme
Item type Books
Holdings
Withdrawn status Lost status Source of classification or shelving scheme Damaged status Not for loan Collection code Permanent location Current location Date acquired Total Checkouts Full call number Barcode Date last seen Price effective from Koha item type
          Koleksioni i përgjithshem UBT - Lipjan UBT - Lipjan 10/05/2022   7 NIE 002-800028559 10/05/2022 10/05/2022 Books
          Koleksioni i përgjithshem UBT - Lipjan UBT - Lipjan 10/05/2022   7 NIE 002-800028560 10/05/2022 10/05/2022 Books
UBT Library © 2015-2024. All rights reserved University Education for Business and Technology